|
|
|
|
| LEADER |
00000nam a2200000Ii 4500 |
| 001 |
DIGEJTLOZ184 |
| 003 |
NyNyDIG |
| 006 |
m o d |
| 007 |
cr ||||||||||| |
| 008 |
211104s2016 ck a ob 000 0 spa d |
| 035 |
|
|
|a (OCoLC)1276775711
|
| 040 |
|
|
|a DGITA
|b eng
|e rda
|e pn
|c DGITA
|
| 020 |
|
|
|z 9789587251951
|
| 041 |
1 |
|
|a spa
|a eng
|h eng
|
| 043 |
|
|
|a e-uk-en
|
| 050 |
1 |
4 |
|a PN1998.A3 ebook
|
| 082 |
0 |
4 |
|a 791.430942
|
| 100 |
1 |
|
|a Duarte, German A.,
|d 1983-
|e author.
|
| 245 |
1 |
0 |
|a Conversaciones con Peter Watkins =
|b Conversations with Peter Watkins /
|c Germán A. Duarte ; entrevista traducida del inglés por Laura Fattori.
|
| 246 |
3 |
1 |
|a Conversations with Peter Watkins
|
| 250 |
|
|
|a Primera edición.
|
| 264 |
|
1 |
|a Bogotá :
|b Editorial Utadeo,
|c 2016.
|
| 300 |
|
|
|a 1 online resource.
|
| 336 |
|
|
|a text
|b txt
|2 rdacontent
|
| 337 |
|
|
|a computer
|b c
|2 rdamedia
|
| 338 |
|
|
|a online resource
|b cr
|2 rdacarrier
|
| 347 |
|
|
|a text file
|2 rdaft
|
| 347 |
|
|
|b PDF
|
| 546 |
|
|
|a Texts in Spanish and English
|
| 588 |
0 |
|
|a Online resource; title from PDF title page (Digitalia, viewed November 4, 2021)
|
| 600 |
1 |
0 |
|a Watkins, Peter,
|d 1935-
|v Interviews.
|
| 650 |
|
0 |
|a Motion picture producers and directors
|z England
|v Interviews.
|
| 650 |
|
0 |
|a Motion pictures
|z England.
|
| 655 |
|
0 |
|a Electronic books.
|
| 700 |
1 |
|
|a Fattori, Laura,
|e translator.
|
| 791 |
2 |
|
|a Digitalia (Firm),
|e distributor.
|
| 793 |
0 |
|
|g Digitalia eBook Collection:
|a Editorial Universidad de Bogotá Jorge Tadeo Lozano
|
| 776 |
0 |
8 |
|i Print version:
|a Duarte, German A., 1983-
|t Conversaciones con Peter Watkins.
|b Primera edición.
|d Bogotá : Editorial Utadeo, 2016
|z 9789587251951
|
| 856 |
4 |
0 |
|3 Digitalia Hispánica
|u https://www.digitaliapublishing.com/a/70423/
|
| 910 |
|
|
|a Premium collection: 2021
|